00370nam a2200145Ia 4500003000400000008004100004040001600045082001300061100001600074245005300090260003800143300001000181650001600191650001700207GCL140319s9999 xx 000 0 eng d aGCL / cGCL04a760bP P1 aPIPES, ALAN10aPRODUCTION FOR GRAPHIC DESIGNERS / cPIPES, ALAN a[S.N] : bLAURENCE KING ، c1992 a208 P04aPRINTMAKING04aGRAPHIC ARTS